000 00972cam a2200289 4500
001 J3333
008 090401t1995 xxu||||| |||| 00| 0 eng d
035 _a(Sirsi) u54458
041 _aeng
110 _aJournal of Property Valuation and Investment
_9680
245 _aProperty journals index 1990-1994.
260 _aBradford
_bMCB University Press
_c1995
300 _a109p. ; 24cm.
350 _a0
520 _aCovers Facilities, Journal of Property Finance, Journal of Property Valuation and Investment, Property Management, Rent Review and Lease Renewal and Structural Survey.
650 _aFACILITIES
650 _aINDEXES
650 _aJOURNAL OF PROPERTY FINANCE
650 _aJOURNAL OF PROPERTY VALUATION AND INVESTMENT
650 _aPERIODICALS
650 _aProperty management
_96262
650 _aRENT REVIEW AND LEASE RENEWAL
650 _aSTRUCTURAL SURVEY
690 _aPROPERTY LAW AND PRACTICE
942 _n0
948 _c04/03/1997
999 _c93474
_d93474